| 000 | 00530nam a2200181 i 4500 | ||
|---|---|---|---|
| 001 | 93842 | ||
| 003 | ES-MaACL | ||
| 005 | 20240427063118.0 | ||
| 007 | t| | ||
| 008 | 050420s1928 sp ||||1| spa d | ||
| 100 | 1 |
_aPantorba, Bernardino de, _d1896-1990 _988829 |
|
| 245 | 1 | 0 |
_aGoya _b: ensayo biográfico y crÃtico / _cBernardino de Pantorba. |
| 260 |
_aMadrid : _bZoila Ascasibar, _c1928. |
||
| 300 |
_a160 p. ; _c19 cm. |
||
| 852 |
_aES-MaACL _jE-1162 |
||
| 852 |
_aES-MaACL _jG-14636 |
||
| 999 |
_c93842 _d93842 |
||